Poorest Countries - Sudden Death - Statistics

General Stats
  • This quiz has been taken 146 times
  • The average score is 4 of 15
Answers on the Grid
Answers color-coded by a green-red scale on the quiz's grid according to % correct below.
Afghanistan
Benin
Burkina Faso
Burundi
Central African Republic
Chad
Comoros
D.R. Congo
Ethiopia
Gambia
Guinea-Bissau
Lesotho
Liberia
Madagascar
Malawi
Mali
Myanmar
Nepal
Niger
Pakistan
Rwanda
Sierra Leone
Somalia
Syria
Tajikistan
Tanzania
Togo
Uganda
Zambia
Zimbabwe
 
Answer Stats
Answer % Correct
Afghanistan
66%
Central African Republic
48%
D.R. Congo
38%
Burkina Faso
33%
Burundi
29%
Chad
29%
Niger
25%
Somalia
21%
Madagascar
15%
Liberia
14%
Gambia
11%
Lesotho
11%
Malawi
11%
Sierra Leone
11%
Syria
5%
No matching quizzes found
Score Distribution
Percent of People with Each Score
Percentile by Number Answered
Your Score History
You have not taken this quiz